00444cam a2200181ua 45000010005000000080039000050200018000440400009000620820008000711000027000792450044001062500009001502600033001593000017001926530013002096530022002226530018002442553110826n ii |||gr||||Z||||||asm a81-7339-100-9 cMAIN a4101 aPatgiri, Dipti Phukan,1 aBhasha tattvacby Dipti Phukan Patgiiri a4th. aDibrugarh:bBanalata,c2006. a182p:c23cm. aLanguage aAssamese language aBhasha tattva